Jheronimus Bosch.

Bibliographic Details
Main Author: Combe, Jacques
Format: Book
Language:English
Published: Paris : P. Tisne, [1946]
Edition:American Ed.
Series:Collection Prométhée.
Subjects:

MARC

Tag First Indicator Second Indicator Subfields
LEADER 00000cam a2200000 4500
001 in00000024186
005 20151007061041.0
008 740619r1946 fr af b 00000beng u
035 |a (OCoLC)00924513 
035 |9 AAD0936AM 
040 |c CXP  |d TXA  |d UtOrBLW 
049 |a TXAM  |c [152463] 
090 |a ND653.B65  |b M2714 
092 |a 759.9492  |b B742Yc 
100 1 |a Combe, Jacques. 
245 1 0 |a Jheronimus Bosch. 
250 |a American Ed. 
264 1 |a Paris :  |b P. Tisne,  |c [1946] 
264 4 |c ©1946 
300 |a 2 pages ., 68 pages, 1 unnumbered page, 4 ., 75-104 pages, 1 unnumbered page, 1 :  |b illustrations, 142 plates (part mounted color) on 82 . ;  |c 26 x 22 cm. 
336 |a text  |b txt  |2 rdacontent 
337 |a unmediated  |b n  |2 rdamedia 
338 |a volume  |b nc  |2 rdacarrier 
490 1 |a Collection Promethee 
504 |a "Bibliography": pages 101-[102]. 
600 1 0 |a Bosch, Hieronymus,  |d -1516. 
700 1 |a Combe, Jacques. 
830 0 |a Collection Prométhée. 
999 |a MARS 
999 f f |s 8122ce53-8f34-3bde-bf57-fcd6e42c7604  |i 6dc97e3b-faa8-3a2b-9a63-c621c7dc9594  |t 0 
952 f f |p ric  |a Texas A&M University  |b Rellis Campus  |c Joint Library Facility  |d Remote Storage  |t 0  |e ND653.B65 M2714  |h Library of Congress classification  |i unmediated -- volume  |m A14801158895 
998 f f |a ND653.B65 M2714  |t 0  |l Remote Storage